000 01811nam a2200241Ia 4500
008 260220t1976||||xx |||||||||||||| ||spa||
040 _aPY-SlUNAC
_bspa
_erda
041 _aspa
082 _a515.243 3
_bSpi43t
100 _aSpiegel, Murray R.
_eAutor
245 0 _aTeoría y problemas de análisis de Fourier /
_cpor Murray R. Spiegel [Autor]
264 _aCiudad de México :
_bMcGraw-Hill,
_c℗1976.
300 _a1 volumen
520 _aEl libro "Teoría y problemas de análisis de Fourier" de Murray R. Spiegel ofrece una introducción exhaustiva al análisis de Fourier, un área fundamental en matemáticas aplicadas y ingeniería. A través de una serie de teoremas, ejemplos y problemas resueltos, el autor presenta los conceptos clave, incluyendo series de Fourier, transformadas y aplicaciones en la resolución de ecuaciones diferenciales. Spiegel enfatiza la importancia del análisis de Fourier en la descomposición de funciones periódicas y no periódicas, así como en el tratamiento de señales y sistemas. La obra está diseñada para facilitar la comprensión de los fundamentos teóricos y prácticos, proporcionando un enfoque didáctico que combina la teoría con la resolución de problemas. Además, incluye ejercicios al final de cada capítulo que permiten a los estudiantes practicar y consolidar sus conocimientos. Este texto es una herramienta valiosa tanto para estudiantes como para profesionales que buscan profundizar en el análisis de Fourier y sus aplicaciones en diversas disciplinas.
653 _aAnálisis matemático
653 _aMatemáticas aplicadas
653 _aTeoría de Fourier
942 _b2026/02/17
_cBK
999 _c7563
_d7563